Statistiques concernant Quiz sur Kylian Mbappé

Cliquez ici pour prendre le quiz!

Statistiques générales

  • Ce quiz a été pris 399 fois
    (371 depuis la dernière actualisation)
  • Le résultat moyen est 17 sur 30

Statistiques - réponses

QuestionRéponse% Correct
En quelle année est né Kylian Mbappé?1998
96%
Ou a grandit Kylian Mbappé ?Bondy
95%
Avec quel club fait-il ses débuts en professionnel ?Monaco
94%
Comment s'appelle le père de Kylian Mbappé ?Wilfried Mbappé
93%
Comment s'appelle le frère de Kylian Mbappé ?Ethan Mbappé
82%
Pour quel montant fut transféré Mbappé en 2017 ?180 millions d'euros
79%
Quel est le numéro actuel de Kylian Mbappé?7
78%
Combien de buts a mis Kylian Mbappé en finale de Coupe du Monde 2022 ?3
76%
Contre quelle équipe a joué Kylian Mbappé en finale de Ligue des Champions?Bayern
75%
En quelle année Kylian Mbappé fut-il finaliste de la Ligue des Champions?2020
69%
Contre quel club Kylian Mbappé inscrit son premier but en Ligue des Champions?Manchester City
62%
Combien de buts inscrit Kylian Mbappé en finale de Coupe du Monde 2018 ?1
61%
Contre quelle équipe a t'il inscrit son but le plus rapide ?Lille
61%
En quelle année Kylian Mbappé remporte-il la Ligue 1 avec Monaco ?2017
58%
Quel entraineur a lancé Kylian Mbappé en Ligue 1 ?Léonardo Jardim
51%
A quelle position termine Kylian Mbappé au Ballon d'Or 2018?Quatrième
51%
A quel age fait-il ses débuts ?16 ans et 11 mois
50%
Quel est le but le plus rapide inscrit par Kylian Mbappé ?en 8 secondes
48%
Quel bac a obtenu Kylian MbappéBac STMG
47%
Combien de buts a inscrit Kylian Mbappé lors de la Coupe du Monde 2018 ?4
46%
Combien de buts a t'il inscrit lors de la Coupe du Monde 2022?8 buts
44%
En quelle année Kylian Mbappé fait-il ses débuts en professionnel?2015
41%
En quelle année Kylian Mbappé remporte-il la coupe Gambardella?2016
40%
En quelle année fut sélectionné Kylian Mbappé avec l'équipe de france U17 ?2014
35%
Contre quel club Kylian Mbappé fait-il ses débuts avec l'As Monaco ?Caen
34%
Contre quel club Kylian Mbappé inscrit -il son premier triplé ?Metz
27%
Contre quelle équipe remporte-il la Coupe Gambardella ?Lens
25%
Contre quelle équipe Kylian Mbappé inscrit-il son premier but ?Troyes
20%
Combien de titres compte Kylian Mbappé ?17
10%
Combien de buts inscrit Kylian Mbappé lors de sa saison la plus prolifique toutes compétitions confondues ?42
7%

Distribution des résultats

Percentile par nombre de réponses

% des personnes avec chaque résultat

Votre développement - résultats

Vous n’avez pas pris ce quiz depuis la dernière actualisation